Wieland, or the transformation ; (رقم التسجيلة. 19129)

تفاصيل مارك
000 -الفاتح
حقل البيانات ثابتة الطول 01746cam a2200481 a 4500
001 - رقم الضبط
رقم الضبط 15740217
003 - محدد رقم الضبط
رقم الضبط OSt
005 - وقت وتاريخ اخر تعامل مع التسجيلة
رقم الضبط 20150408113952.0
008 - عناصر البيانات ثابتة الطول - معلومات عامة
حقل البيانات ثابتة الطول 111203s2009 b | 00 1 00| 0 ara
010 ## - رقم ضبط مكتبة الكونجرس
رقم ضبط مكتبة الكونجرس 2009290959
015 ## - رقم الببليوجرافية الوطنية
رقم الببليوجرافية الوطنية GBA8C5841
المصدر bnb
016 7# - رقم ضبط الوكاله الوطنية للضبط الببليوجرافي
رقم ضبط التسجيلة 014793724
المصدر Uk
020 ## - الرقم الدولى المعيارى للكتب
الرقم الدولى المعيارى للكتاب 9780199538775 (pbk.)
035 ## - رقم ضبط النظام
رقم ضبط النظام (OCoLC)ocn269433607
040 ## - مصدر الفهرسة
وكالة الفهرسة الأصلية UKM
وكالة النسخ UKM
وكالة التعديل YDXCP
-- DLC
042 ## - رمز التحقق
رمز التحقق lccopycat
043 ## - رمز المنطقة الجغرافية
رمز المنطقة الجغرافية n-us-pa
050 00 - رقم طلب مكتبة الكونجرس
رقم التصنيف PS1134
رقم المادة .W5 2009b
082 00 - رقم تصنيف ديوى العشرى
رقم التصنيف 823.2 B C W
رقم الطبعة 22
100 1# - المدخل الرئيسى - إسم شخصى
الإسم الشخصى Brown, Charles Brockden,
التواريخ المصاحبة للاسم 1771-1810.
9 (RLIN) 6870
240 10 - العنوان الموحد
عنوان موحد <a href="Wieland">Wieland</a>
245 10 - بيان العنوان
العنوان Wieland, or the transformation ;
بقية العنوان and Memoirs of Carwin the biloquist /
بيان المسئوليه,etc Charles Brockden Brown / edited with an introduction and notes by Emory Elliott.
246 30 - العنوان الموازى
عنوان صحيح/عنوان مختصر Wieland
246 30 - العنوان الموازى
عنوان صحيح/عنوان مختصر Transformation
260 ## - PUBLICATION, DISTRIBUTION, ETC. (IMPRINT)
مكان الناشر او الموزع Oxford ;
-- New York :
اسم الناشر او الموزع Oxford University Press,
تاريخ النشر أو التوزيع [2009]
300 ## - الوصف المادى
التعداد xxxv, 294 p. ;
أبعاد الوعاء 20 cm.
440 #0 - بيان السلسلة/مدخل إضافى-العنوان
العنوان Oxford world's classics
9 (RLIN) 6792
504 ## - تبصرة ببليوجرافية
تبصرة ببليوجرافية,الخ Includes bibliographical references.
650 #0 - المدخل الاضافى بالموضوع-مصطلح موضوعى
مصطلح موضوعي أو اسم جغرافي كعنصر مدخل Combustion, Spontaneous
التقسيم الفرعي الشكلي Fiction.
9 (RLIN) 6871
650 #0 - المدخل الاضافى بالموضوع-مصطلح موضوعى
مصطلح موضوعي أو اسم جغرافي كعنصر مدخل Fathers
التقسيم الفرعي العام Death
التقسيم الفرعي الشكلي Fiction.
9 (RLIN) 6872
650 #0 - المدخل الاضافى بالموضوع-مصطلح موضوعى
مصطلح موضوعي أو اسم جغرافي كعنصر مدخل Murder
التقسيم الفرعي الشكلي Fiction.
9 (RLIN) 6873
650 #0 - المدخل الاضافى بالموضوع-مصطلح موضوعى
مصطلح موضوعي أو اسم جغرافي كعنصر مدخل Radicals
التقسيم الفرعي الشكلي Fiction.
9 (RLIN) 6874
651 #0 - المدخل الاضافى بالموضوع - اسم جغرافى
الاسم الجغرافي Pennsylvania
التقسيم الفرعي العام History
التقسيم الفرعي الزمني Colonial period, ca. 1600-1775
التقسيم الفرعي الشكلي Fiction.
9 (RLIN) 6875
655 #0 - مصطلح تكشيفى-نوع/شكل
بيانات النوع/ الشكل أو المصطلح الأساسي Psychological fiction.
9 (RLIN) 3935
655 #7 - مصطلح تكشيفى-نوع/شكل
بيانات النوع/ الشكل أو المصطلح الأساسي Epistolary fiction.
مصدر المصطلح gsafd
9 (RLIN) 5097
655 #7 - مصطلح تكشيفى-نوع/شكل
بيانات النوع/ الشكل أو المصطلح الأساسي Gothic fiction.
مصدر المصطلح gsafd
9 (RLIN) 5032
655 #7 - مصطلح تكشيفى-نوع/شكل
بيانات النوع/ الشكل أو المصطلح الأساسي Horror tales.
مصدر المصطلح gsafd
9 (RLIN) 6876
700 1# - المدخل الاضافى - اسم شخصى
الإسم الشخصى Elliott, Emory,
التواريخ المصاحبة للاسم 1942-2009.
9 (RLIN) 6877
700 1# - المدخل الاضافى - اسم شخصى
الإسم الشخصى Brown, Charles Brockden,
التواريخ المصاحبة للاسم 1771-1810.
عنوان العمل Memoirs of Carwin the biloquist.
9 (RLIN) 6878
906 ## - عنصر بيانات محلى F, LDF (RLIN)
a 7
b cbc
c copycat
d 2
e ncip
f 20
g y-gencatlg
942 ## - عناصر المدخل الإضافي( كوها)
مصدر التصنيف او مخطط الترفيف Dewey Decimal Classification
Koha [default] item type DVD
المقتنيات
حالة الفقد نموذج السعر الفعال حالة تلف ليس للاعارة رقم الطلب تاريخ الاكتساب الموقع الحالي الباركود الفرع الرئيسي Date last seen نوع المادة فى نظام كوها مصدر التصنيف او خطة الترفيف Total Checkouts
  2013-03-10     823.2 B C W 2011-12-03 قسم الاجراءات الفنية (IC) 00101203 قسم الاجراءات الفنية (IC) 2013-03-10 كتاب Dewey Decimal Classification  
  2013-03-10     823.2 B C W 2011-12-03 قسم الاجراءات الفنية (IC) 00101202 قسم الاجراءات الفنية (IC) 2013-03-10 كتاب Dewey Decimal Classification